000 00366nam a2200157Ia 4500
100 _aRadhashankarmani/ Swati Ringe
650 _aObject oriented
942 _cBK
366 _f27
245 _aObject oriented Programming Methodology
260 _bDreamtech Press
_c2013
082 _a5.101
_bRAD
300 _a441
546 _aENGLISH
_cComputers
999 _c26863
_d26863